Migration Decision Making as Complex Choice: Eliciting Decision Weights under Conditions of Imperfect and Complex Information through Experimental Methods
Rozhodovanie migranta na základe znalosti informácií. Porovnanie skúseností migranta v oblastiach peňažných a nepeňažných faktorov, kvalitou informácií pred migráciou a následnou realitou. Spôsoby vysporiadania sa s chýbajúcimi informáciami v cudzine. Výhody a výzvy vo využívaní experimentálnych met...
Saved in:
| Main Author: | |
|---|---|
| Other Authors: | , |
| Format: | Book Chapter |
| Language: | English |
| Subjects: | |
| Tags: |
No Tags, Be the first to tag this record!
|
MARC
| LEADER | 00000naa a2200000 4500 | ||
|---|---|---|---|
| 001 | 0214635 | ||
| 005 | 20240502083539.2 | ||
| 041 | 0 | |a eng | |
| 044 | |a US | ||
| 245 | 1 | 0 | |a Migration Decision Making as Complex Choice: Eliciting Decision Weights under Conditions of Imperfect and Complex Information through Experimental Methods |c Vladimír Baláž, Allan M. Williams, Elena Fifeková |
| 520 | |a Rozhodovanie migranta na základe znalosti informácií. Porovnanie skúseností migranta v oblastiach peňažných a nepeňažných faktorov, kvalitou informácií pred migráciou a následnou realitou. Spôsoby vysporiadania sa s chýbajúcimi informáciami v cudzine. Výhody a výzvy vo využívaní experimentálnych metód. | ||
| 610 | 2 | 0 | |a analýza rozhodovacia |
| 610 | 2 | 0 | |a metódy rozhodovania |
| 610 | 2 | 0 | |a kritériá rozhodovania |
| 610 | 2 | 0 | |a procesy rozhodovacie |
| 610 | 2 | 0 | |a rozhodovanie |
| 610 | 2 | 0 | |a informácie |
| 610 | 2 | 0 | |a informácie asymetrické |
| 610 | 2 | 0 | |a migrácia |
| 100 | 1 | |a Baláž, Vladimír | |
| 700 | 1 | |a Williams, Allan M. | |
| 700 | 1 | |a Fifeková, Elena | |